000 00919nam a2200277Ia 4500
001 Para_3875
003 CHAP
008 220125s1946 xx 000 0 und d
010 _a202396
040 _cCHAP
090 _aPA FOLLETO 1099
100 _aDelle Coste, Alberto C
_931698
245 _aLa peste negra del tomate o 'corcovo' del tabaco en la República Argentina /
_c por Alberto C. Delle Coste y Santiago Zabala
260 _aBuenos Aires :
_b Instituto de Sanidad Vegetal
300 _a23 p.
440 _aBuenos Aires). Ministerio de Agricultura de la Nación, Serie A;17
_9167563
650 _aTomate
_x Enfermedades por virus Tabaco
_x Enfermedades
_9167564
700 _aZabala, Santiago
_9123371
901 _aPA FOLLETO 1099
902 _aA
905 _a0000001946 BUE 0000000000 00
910 _a1946
942 _cPARA
942 _cPARA
_d1
999 _c202396
_d202396